| 000 | 00451nam a22001337a 4500 | ||
|---|---|---|---|
| 040 | _cNUST | ||
| 082 | _a220 PRO | ||
| 100 |
_aHasnat Ali Javed Mohsin Ali Usama Abid Bal Muhammad Nabeel _9119849 |
||
| 110 |
_aSupervisor Sir Tausif Iqbal Sir Usman Ali _9119850 |
||
| 245 | _aPR-SOF-2279-Uninterrupted Power Supply Using MPPT Charge Controller | ||
| 260 |
_aISLAMABAD: _bNUST COLLEGE OF EME, _c2023. |
||
| 650 |
_aDE-ELECT-41 _9119586 |
||
| 942 |
_2ddc _cPR |
||
| 999 |
_c607387 _d607387 |
||